000 00423nam a2200157Ia 4500
008 240729s9999 xx 000 0 und d
022 _a2641-5895
245 0 _aMaternal-Fetal Medicine
260 _aUnited States
260 _bWolters Kluwer Health
650 _a Gynecology and obstetrics
650 _aMedicine
856 _uhttps://doaj.org/toc/ddc33c3a973f46b18778491a80d7e097
942 _2ddc
942 _cDOAJEJ
999 _c69768
_d69768
945 _a1
_bMadushi Gamage
_c1
_dMadushi Gamage